000 01589nam0a2200361 4500
001 RU\NLR\bibl\1831680
005 20250616164743.0
010 _a978-5-9973-1448-4
_9500
021 _aRU
_b2011-80117
_95708
035 _a(NLR Aleph) 001822179
090 _a2021143
_c2021143
100 _a20111110d2011 |||y0rusy50 ca
101 0 _arus
102 _aRU
105 _aa |||||||||
200 1 _aВидеоинформационные технологии систем связи
_eмонография
_fЮ.Б. Зубарев, Ю.С. Сагдуллаев, Т.Ю. Сагдуллаев
210 _aМосква
_cСпутник+
_d2011
215 _a295 с.
_cил., цв. ил.
_d21
300 _aНа 4-й с. обл. 1-й и 2-й авт.: Зубарев Ю.Б., Сагдуллаев Ю.С., д-ра техн. наук, профессора
320 _aБиблиогр.: с. 282-291 (156 назв.)
606 1 _aТелевидение
_9895343
_3RU\NLR\auth\664367
606 1 _aТелевизионные сигналы
_xПередача по каналам связи
_92628161
_3RU\NLR\auth\661564721
686 _aЗ94
700 1 _4070
_7ca
_8rus
_aЗубарев
_bЮ. Б.
_f1938-
_gЮрий Борисович
_9189119
_3RU\NLR\AUTH\770189170
701 1 _aСагдуллаев
_bЮ. С.
_gЮрий Сагдуллаевич
_4070
701 1 _aСагдуллаев
_bТ. Ю.
_gТимур Юрьевич
_4070
801 0 _aRU
_bNLR
_c20111110
_gRCR
801 1 _aRU
_bNLR
_c20111110
830 _aавт. по кн.
942 _cBOOK
980 _aNB
980 _aNBR